[Event "Politiken Cup 2013"]
[Site "Helsingor DEN"]
[Date "2013.08.02"]
[Round "8.44"]
[White "Pedersen,NicK"]
[Black "Petersen,M"]
[Result "1-0"]
[WhiteElo "2180"]
[BlackElo "2009"]

1.d4 Nf6 2.c4 Nc6 3.Nf3 e6 4.a3 d6 5.Nc3 g6 6.e4 Bg7 7.h3 O-O 8.Bg5 h6 9.Be3 Re8
10.Bd3 e5 11.d5 Nd4 12.Nxd4 exd4 13.Bxd4 Nxe4 14.Bxe4 Bxd4 15.Qxd4 f5 16.O-O fxe4
17.Nxe4 Rf8 18.Rae1 Bf5 19.Ng3 Qd7 20.Nxf5 Qxf5 21.Qe4 Qxe4 22.Rxe4 Rf7 23.Rfe1 Raf8
24.f3 Rb8 25.Re8+ Rxe8 26.Rxe8+ Kg7 27.Kf2 a5 28.b3 b6 29.Ke3 Kf6 30.Ke4 g5
31.Re6+ Kg7 32.g3 h5 33.Ke3 Kh7 34.Re4 Kg6 35.h4 Rg7 36.Re6+ Kf7 37.hxg5 Rxg5
38.Kf4 Rg8 39.Rh6 a4 40.b4 Rf8 41.Ke3 Re8+ 42.Kf2 Re5 43.Rh7+ Ke8 44.Rxc7 b5
45.cxb5 Rxd5 46.Ra7 Rd2+ 47.Ke3 Rg2 48.b6 Kd8 49.Ra8+  1-0

[Event "100th ch-GBR 2013"]
[Site "Torquay ENG"]
[Date "2013.08.03"]
[Round "6.21"]
[White "Eames,R"]
[Black "McCullough,S"]
[Result "1-0"]
[WhiteElo "2244"]
[BlackElo "2076"]

1.d4 Nf6 2.c4 Nc6 3.Nc3 e5 4.d5 Ne7 5.Nf3 Ng6 6.h4 h5 7.Bg5 Bb4 8.Qb3 a5
9.a3 Bxc3+ 10.Qxc3 Qe7 11.Qc2 d6 12.e4 b6 13.g3 Nf8 14.Bd3 N8d7 15.Nd2 Nc5
16.Bf1 Bd7 17.b3 c6 18.Bg2 b5 19.O-O bxc4 20.Nxc4 a4 21.b4 Nb3 22.dxc6 Bxc6
23.Rad1 Nd4 24.Rxd4 exd4 25.Nxd6+ Qxd6 26.e5  1-0

[Event "100th ch-GBR 2013"]
[Site "Torquay ENG"]
[Date "2013.08.09"]
[Round "11.3"]
[White "Gordon,S"]
[Black "Meszaros,Gyu"]
[Result "1-0"]
[WhiteElo "2521"]
[BlackElo "2255"]

1.c4 Nf6 2.d4 Nc6 3.Nf3 e6 4.Nc3 Bb4 5.Qc2 d6 6.Bd2 O-O 7.a3 Bxc3 8.Bxc3 Qe7
9.g3 e5 10.d5 Nb8 11.Bg2 a5 12.b3 c6 13.Nd2 Bd7 14.O-O cxd5 15.cxd5 Bb5 16.Rfe1 Rc8
17.Qb2 Nbd7 18.Rac1 Qd8 19.b4 Nb6 20.bxa5 Na4 21.Qxb5 Nxc3 22.Qd3 e4 23.Bxe4 Qxa5
24.Bf5 Rc7 25.Nc4 Qc5 26.Rxc3 g6 27.Rec1 Nxd5 28.R3c2 gxf5 29.Ne3  1-0

[Event "22nd Kavala Open 2013"]
[Site "Kavala GRE"]
[Date "2013.08.13"]
[Round "9.11"]
[White "Kourousis,E"]
[Black "Kiratzopoulos,E"]
[Result "1-0"]
[WhiteElo "2388"]
[BlackElo "2120"]

1.d4 Nf6 2.c4 Nc6 3.Nf3 e6 4.g3 Bb4+ 5.Bd2 Qe7 6.Nc3 Bxc3 7.Bxc3 Ne4 8.Rc1 O-O
9.Bg2 Nxc3 10.Rxc3 d6 11.d5 Nd8 12.O-O e5 13.Qc2 c5 14.dxc6 Nxc6 15.Rd1 Rd8
16.Qd2 Bg4 17.h3 Bh5 18.Nh2 Bg6 19.Nf1 Rac8 20.Ne3 h6 21.Nd5 Qf8 22.e3 f5
23.f4 e4 24.Ra3 b6 25.Bf1 Bf7 26.Be2 Rd7 27.Rc3 Ne7 28.Nxe7+ Qxe7 29.Qd4 d5
30.cxd5 Rcd8 31.Bc4 Qb4 32.Bb3 Qxd4 33.Rxd4 Bxd5 34.Rxd5 Rxd5 35.Kf2 Kh7
36.Bxd5 Rxd5 37.Ke2 Rd7 38.g4 g6 39.Rc6 Kg7 40.gxf5 gxf5 41.b4 Kh7 42.Rf6 Rg7
43.Kf2 Rc7 44.a4 Rc2+ 45.Ke1 Rc3 46.Kd2 Rd3+ 47.Ke2 Rb3 48.b5 Rb2+ 49.Ke1 Kg7
50.Rc6 Rh2 51.Rc7+ Kg6 52.Rxa7 Rxh3 53.Kd2 Rh2+ 54.Kc3 Re2 55.Kd4 Kh5 56.Ra6 Ra2
57.Kc4 Kg4 58.Kb3 Re2 59.Rxb6 Rxe3+ 60.Kb4 Re1 61.a5 h5 62.a6 Ra1 63.Rb7 e3
64.Re7 Kf3 65.a7 h4 66.b6 h3 67.b7 Rxa7 68.Rxe3+ Kxe3 69.b8=Q Rh7 70.Qe5+ Kf3
71.Qxf5 Rh4 72.Qg5 Rxf4+ 73.Kc3 h2 74.Kd3 Rg4 75.Qh5 Kg3 76.Ke3 Rg8 77.Qe5+ Kg2
78.Qd5+ Kf1 79.Qh1+ Rg1 80.Qf3+  1-0

[Event "12th Lichtenberger Sommer"]
[Site "Berlin GER"]
[Date "2013.08.19"]
[Round "3.41"]
[White "Junge,Wolfgang"]
[Black "Hoeckendorf,H"]
[Result "1/2-1/2"]
[WhiteElo "1819"]
[BlackElo "2194"]

1.d4 Nf6 2.c4 Nc6 3.Nc3 e5 4.dxe5 Nxe5 5.e3 Bb4 6.Bd2 a5 7.Nf3 d6 8.Nxe5 dxe5
9.a3 Be7 10.Qf3 Bg4 11.Qg3 O-O 12.Qxe5 Bd6 13.Qd4 c5 14.Qd3 Qb8 15.Ne4 Be5
16.Nxf6+ Bxf6 17.Bc3 Rd8 18.Qc2 Ra6 19.h3 Bh5 20.Bd3 Bxc3+ 21.bxc3 Rh6 22.Be2 Bg6
23.Qb2 Be4 24.Bf3 Qe5 25.Rd1 Rxd1+ 26.Kxd1 Rd6+ 27.Kc1 Rb6 28.Rd1 Qc7 29.Rd7 Qxd7
30.Qxb6 Bxf3 31.gxf3 Qd3 32.Qxa5 Qf1+ 33.Kb2 Qe2+  1/2-1/2

[Event "4th Royal Residence Cup"]
[Site "Zhovkva UKR"]
[Date "2013.08.20"]
[Round "8.1"]
[White "Sychevskyy,Andriy"]
[Black "Zajarnyi,A"]
[Result "1/2-1/2"]
[WhiteElo "2150"]
[BlackElo "2288"]

1.d4 Nf6 2.c4 Nc6 3.Nf3 e6 4.g3 Bb4+ 5.Bd2 Bxd2+ 6.Nbxd2 d6 7.Bg2 e5 8.d5 Ne7
9.e4 O-O 10.O-O Ne8 11.Ne1 f5 12.Nd3 f4 13.Nf3 Ng6 14.Qe2 b6 15.b4 a5 16.a3 Ba6
17.Rac1 axb4 18.axb4 Bc8 19.h3 Bd7 20.Kh2 h6 21.Ra1 fxg3+ 22.fxg3 Nf6 23.b5 Qe7
24.Ra6 Rxa6 25.bxa6 Ra8 26.Ra1 Ra7 27.Nb4 Qe8 28.Nd2 b5 29.Qe3 Qb8 30.c5 Ne7
31.Nb3 Ra8 32.Qc3 Qa7 33.Rc1 Be8 34.Na5 Kh7 35.cxd6 cxd6 36.Nac6 Nxc6 37.dxc6 Bf7
38.Qd3 Ne8 39.Qxb5 Rb8 40.Qa5 Nc7 41.Rd1 Rb5 42.Qa4 Qc5 43.Nd3 Qxc6  1/2-1/2

[Event "Caissa IM Aug 2013"]
[Site "Kecskemet HUN"]
[Date "2013.08.22"]
[Round "9.2"]
[White "Bodiroga,P"]
[Black "Meszaros,Gyu"]
[Result "1/2-1/2"]
[WhiteElo "2379"]
[BlackElo "2248"]

1.d4 Nf6 2.c4 Nc6 3.Nf3 e6 4.a3 d6 5.Nc3 g6 6.e4 Bg7 7.Be2 O-O 8.O-O Re8
9.d5 Ne7 10.Qc2 c6 11.dxc6 bxc6 12.e5 dxe5 13.Nxe5 Qc7 14.Bf4 g5 15.Bg3 Nf5
16.Nxc6 Qxc6 17.Bf3 Qxc4 18.Bxa8 Ba6 19.Bf3 Nd4 20.Qa4 Qxa4 21.Nxa4 Nxf3+
22.gxf3 Bxf1 23.Rxf1 Rc8  1/2-1/2

[Event "ch-ESP Rapid 2013"]
[Site "Linares ESP"]
[Date "2013.08.26"]
[Round "3.6"]
[White "Vazquez Igarza,R"]
[Black "Recuero Guerra,D"]
[Result "0-1"]
[WhiteElo "2580"]
[BlackElo "2454"]

1.d4 Nf6 2.c4 Nc6 3.Nf3 e6 4.a3 d6 5.Nc3 g6 6.e4 Bg7 7.h3 O-O 8.Bg5 h6 9.Be3 e5
10.d5 Nd4 11.Nxd4 exd4 12.Bxd4 Nxe4 13.Bxg7 Re8 14.Nxe4 Rxe4+ 15.Be2 Kxg7
16.O-O Qg5 17.Bd3 Rd4 18.Qf3 Bd7 19.Rfe1 Rf4 20.Qg3 Qf6 21.Re2 Re8 22.Rxe8 Bxe8
23.Re1 Bd7 24.Re2 Rd4 25.Qe3 c6 26.dxc6 Bxc6 27.Re1 a6 28.Bf1 Re4 29.Qd2 Rxe1
30.Qxe1 Qxb2 31.Qe3 Qe5 32.Qd2 d5 33.cxd5 Bxd5 34.a4 Bc6 35.Qb4 Qa1 36.Qc5 Bxa4
37.Qa5 Qd4 38.Be2 Bc6 39.Qc7 Qe4 40.Bf1 Qe1 41.Qf4 Bb5 42.Qd4+ Kh7  0-1

[Event "XXX Collado Villalba Open 2013"]
[Site "Collado Villalba ESP"]
[Date "2013.08.27"]
[Round "5.6"]
[White "Moreno Ruiz,J"]
[Black "Madurga Lopez,I"]
[Result "1-0"]
[WhiteElo "2469"]
[BlackElo "2074"]

1.d4 Nf6 2.c4 Nc6 3.Nf3 e6 4.Nc3 Bb4 5.Qc2 d6 6.Bd2 O-O 7.a3 Bxc3 8.Bxc3 Re8
9.Rd1 Qe7 10.e3 e5 11.d5 Nb8 12.Nd2 Bg4 13.f3 Bh5 14.e4 Nfd7 15.Be2 Bg6 16.O-O a5
17.b4 b6 18.Nb3 axb4 19.axb4 Nf6 20.Ra1 Nbd7 21.Bd2 Qf8 22.Be3 Rxa1 23.Rxa1 Ra8
24.Qc3 h6 25.Bf1 Rxa1 26.Qxa1 Qb8 27.Qa4 Qb7 28.Bf2 Kh7 29.h4 h5 30.Qb5 Qa8
31.c5 bxc5 32.bxc5 Nxc5 33.Nxc5 dxc5 34.Bg3 Qa1 35.Qa6 Bxe4 36.Qxa1  1-0

[Event "TCh-POL Ekstraliga 2013"]
[Site "Gorzow Wielkopolski POL"]
[Date "2013.08.31"]
[Round "5.3"]
[White "Sieciechowicz,M"]
[Black "Sadzikowski,D"]
[Result "1-0"]
[WhiteElo "2449"]
[BlackElo "2449"]

1.d4 Nf6 2.c4 Nc6 3.Nf3 d6 4.Nc3 e5 5.d5 Ne7 6.e4 Ng6 7.g3 Be7 8.Bg2 O-O
9.O-O a5 10.Rb1 h6 11.Nd2 Nh7 12.a3 Bg5 13.b4 axb4 14.axb4 f5 15.exf5 Bxf5
16.Nde4 Bxc1 17.Rxc1 Nf6 18.c5 Ne7 19.Nxf6+ Rxf6 20.Ra1 Bg6 21.Rxa8 Qxa8
22.Qa1 Qb8 23.Qa5 Nf5 24.c6 Nd4 25.Ra1 Rf8 26.Ra2 Bd3 27.b5 b6 28.Qa7 Qd8
29.h4 Bc4 30.Rb2 Qa8 31.Qxa8 Rxa8 32.Rb4 Ra3 33.Rxc4 Rxc3 34.Ra4 Nxb5 35.Ra8+ Kf7
36.Rc8 Rc1+ 37.Kh2 Rc2 38.Kg1 Rc1+ 39.Kh2 Rc2 40.Kg1 Rc1+ 41.Kh2 Re1 42.Bh3 e4
43.Be6+ Kf6 44.Rf8+ Ke5 45.Rf5+ Kd4 46.Rf7 g6 47.Rg7 Re2 48.Kg1 g5 49.h5 e3
50.fxe3+ Kxe3 51.Bg4 Rc2 52.Re7+ Kd4 53.Rh7 Rc1+ 54.Kh2 Rc2+ 55.Kg1 Rc1+
56.Kh2 Nc3 57.Rxh6 Nxd5 58.Rg6 Rf1 59.Rxg5 Rf6 60.Bf5 b5 61.g4 b4 62.Bh7 Nc3
63.Rg8 Rf2+ 64.Kg3 Rf1 65.Rb8 Kc4 66.h6 Rg1+ 67.Kf3 Rh1 68.g5 b3 69.g6 Nd5
70.g7 Nf6 71.g8=Q+ Nxg8 72.Bxg8+ d5 73.h7 Rh3+ 74.Kg4 Rh2 75.Bxd5+ Kxd5 76.h8=Q Rxh8
77.Rxh8 Kxc6 78.Rb8 Kd5 79.Rxb3 Kc4 80.Rb7 c5 81.Kf3 Kd3 82.Rd7+ Kc3 83.Ke3 c4
84.Rc7  1-0

[Event "74th ch-ARM 1st League"]
[Site "Yerevan ARM"]
[Date "2013.09.01"]
[Round "11.7"]
[White "Harutyunian,T"]
[Black "Chibukhchian,A"]
[Result "0-1"]
[WhiteElo "2334"]
[BlackElo "2454"]

1.d4 Nf6 2.c4 Nc6 3.Nf3 e6 4.Nc3 Bb4 5.Qc2 d5 6.a3 Bxc3+ 7.Qxc3 Ne4 8.Qc2 e5
9.dxe5 Bf5 10.g4 Bg6 11.Qb3 Na5 12.Qa4+ c6 13.cxd5 Nc5 14.Qd1 Nab3 15.Bg5 f6
16.exf6 gxf6 17.Bh6 Nxa1 18.Qxa1 Qxd5 19.Bg2 Nb3 20.Qa2 O-O-O 21.O-O Be4
22.Kh1 Rhg8 23.h3 f5 24.Bf4 fxg4 25.hxg4 Rxg4 26.Bg3 Qh5+ 27.Kg1 Bd5 28.Qb1 Nd2
29.Nxd2 Bxg2 30.Kxg2 Rxd2 31.e4 Qg6 32.Kf3 Rxb2 33.Qe1 Rb3+ 34.Kg2 h5 35.f3 Rb2+
36.Kh3 Qe6  0-1

[Event "78th ch-ESP 2013"]
[Site "Linares ESP"]
[Date "2013.09.02"]
[Round "5.30"]
[White "Mercado Larrea,A"]
[Black "Zamarbide Inarrea,D"]
[Result "0-1"]
[WhiteElo "1936"]
[BlackElo "2213"]

1.d4 Nf6 2.c4 Nc6 3.Nf3 e6 4.a3 d6 5.Nc3 g6 6.e4 Bg7 7.Be2 O-O 8.O-O h6 9.h3 e5
10.d5 Ne7 11.Be3 Nh5 12.Qc1 f5 13.exf5 Nxf5 14.Kh2 Nf4 15.Bxf4 exf4 16.Bd3 Nh4
17.Be4 h5 18.Qc2 Nxf3+ 19.Bxf3 Bf5 20.Be4 f3 21.Bxf5 Rxf5 22.g3 h4 23.g4 Be5+
24.Kh1 Qg5 25.Qc1 Qf4 26.Qxf4 Rxf4 27.Nd1 Rxc4 28.Ne3 Re4 29.Rac1 Rc8 30.Rc2 Bf4
31.Rc3 Be5 32.Rc2 Bd4 33.Rc4 c5 34.b3 b5 35.Rc2 Bxe3  0-1

[Event "15th Trieste Open"]
[Site "Trieste ITA"]
[Date "2013.09.02"]
[Round "4"]
[White "Jovanic,O"]
[Black "Tomazini,Z"]
[Result "0-1"]
[WhiteElo "2519"]
[BlackElo "2302"]

1.d4 Nf6 2.c4 Nc6 3.Nf3 e6 4.a3 d6 5.Nc3 g6 6.Bg5 h6 7.Bf4 Bg7 8.h3 O-O 9.e3 Nd7
10.Bh2 e5 11.Be2 f5 12.dxe5 Ndxe5 13.Qc2 Be6 14.Nd2 Qd7 15.O-O Qf7 16.b3 Kh8
17.f4 Nd7 18.Rae1 Nb6 19.Nf3 d5 20.c5 d4 21.cxb6 Bxb3 22.Qc1 dxc3 23.Ne5 Nxe5
24.fxe5 axb6 25.e4 Qe7 26.exf5 Rxf5 27.Rxf5 gxf5 28.Kh1 Qxa3 29.Qxc3 Bd5
30.Qxc7 Qxh3 31.Bf1 Rg8 32.Qd6 Qh4 33.Re3 f4 34.Rd3 Be4 35.Rd2 Qe1 36.Kg1 Qe3+
37.Rf2 f3 38.Qd2 Qxd2 39.Rxd2 fxg2 40.Bb5 Bf8  0-1

[Event "1st League Cent-SRB 2013"]
[Site "Kragujevac SRB"]
[Date "2013.09.15"]
[Round "2.6"]
[White "Pantelic,Sa"]
[Black "Petkov,V"]
[Result "0-1"]
[WhiteElo "2322"]
[BlackElo "2564"]

1.d4 Nf6 2.c4 Nc6 3.Nf3 e6 4.Bg5 h6 5.Bxf6 Qxf6 6.a3 g6 7.Nc3 Bg7 8.e3 Qe7
9.Be2 d6 10.O-O O-O 11.Qc2 f5 12.d5 Nd8 13.dxe6 Nxe6 14.Nd5 Qf7 15.Rad1 a5
16.Nd4 Bxd4 17.exd4 Qg7 18.Qd2 Re8 19.Rfe1 Bd7 20.Nc3 Kh7 21.Bf1 a4 22.Nd5 Rad8
23.Nf4 Nxf4 24.Qxf4 Qf6 25.Qd2 b6 26.Rxe8 Bxe8 27.Re1 Kg7 28.g3 Bf7 29.Qd1 Ra8
30.Qf3 Ra7 31.Qc6 Qxd4 32.Re7 Qf6 33.Rxc7 Rxc7 34.Qxc7 Qd4 35.Qc6 h5 36.Qxa4 Qxb2
37.Qc6 Qd4 38.Qc7 h4 39.Qc6 g5 40.Qd7 hxg3 41.hxg3 f4 42.Qd8 Kg6 43.gxf4 gxf4
44.Qh4 Qf6 45.Bd3+ Kg7 46.Qg4+ Kh6 47.Qh3+ Bh5 48.Kh2 Qe5 49.Qh4 Kg7 50.Kg2 Be8
51.Qg4+ Kf8 52.Qh4 Bc6+ 53.Kh2 Ke8 54.Bg6+ Kd7 55.Qh7+ Kc8 56.Qh3+ Kb8 57.Qh5 Qa1
58.f3 Qxa3 59.Be4 Qb2+ 60.Kh3 Qg7 61.Kh2 Qg3+ 62.Kh1 Qe1+ 63.Kh2 Bxe4 64.Qe8+ Kc7
65.fxe4 Qg3+ 66.Kh1 Qh3+ 67.Kg1 Qd7 68.Qa8 Qc6  0-1

[Event "TCh-BEL 2013-14"]
[Site "Belgium BEL"]
[Date "2013.09.22"]
[Round "1.1"]
[White "Docx,S"]
[Black "Hausrath,D"]
[Result "0-1"]
[WhiteElo "2486"]
[BlackElo "2534"]

1.d4 Nf6 2.c4 Nc6 3.Nf3 e6 4.Nc3 Bb4 5.Qc2 d6 6.Bd2 O-O 7.a3 Bxc3 8.Bxc3 Qe7
9.g3 e5 10.d5 Nb8 11.Bg2 a5 12.b3 c6 13.e4 cxd5 14.cxd5 Bd7 15.O-O Rc8 16.Rfe1 Na6
17.Nh4 Nc5 18.Rad1 Qd8 19.Qb1 Qb6 20.Re3 Qxb3 21.Qa1 Ng4 22.Rf3 Qc4 23.Nf5 Bxf5
24.exf5 Nf6 25.Re3 Ng4 26.Rf3 Nf6 27.Re3 b5 28.Bf1 Qa4 29.Qb2  0-1

[Event "Grand Open Blagoevgrad 2013"]
[Site "Blagoevgrad BUL"]
[Date "2013.09.30"]
[Round "4.22"]
[White "Gavrilidis,G"]
[Black "Stoyanov,Svetlomir"]
[Result "1-0"]
[WhiteElo "2126"]
[BlackElo "1965"]

1.d4 Nf6 2.c4 Nc6 3.Nf3 e6 4.g3 Bb4+ 5.Bd2 Qe7 6.Bg2 O-O 7.O-O a5 8.Bc1 Qd8
9.c5 a4 10.a3 Ba5 11.Qxa4 b6 12.Ne5 Bb7 13.Nxc6 Bxc6 14.Bxc6 dxc6 15.Qc4 bxc5
16.dxc5 Qd5 17.Nd2 Rfb8 18.Qxd5 Nxd5 19.Nf3 Rb5 20.Ne5 Bb4 21.e4 Nf6 22.Be3 Bxc5
23.a4 Rba5 24.Nc4 Rxa4 25.Rxa4 Rxa4 26.b3 Rb4 27.Bxc5  1-0

[Event "Oslo Int Open 2013"]
[Site "Oslo NOR"]
[Date "2013.09.30"]
[Round "2"]
[White "Hambleton,A"]
[Black "Martinsen,S"]
[Result "1/2-1/2"]
[WhiteElo "2509"]
[BlackElo "2134"]

1.d4 Nf6 2.c4 Nc6 3.Nf3 e6 4.Nc3 Bb4 5.Qc2 d6 6.a3 Bxc3+ 7.Qxc3 O-O 8.b4 e5
9.dxe5 Ne4 10.Qe3 Bf5 11.Bb2 Nxe5 12.Nxe5 dxe5 13.f3 Nd6 14.Qxe5 Qg5 15.h4 Qh6
16.Bc1 Qh5 17.Qd4 Qg6 18.g4 Be6 19.h5 Qc2 20.h6 f6 21.hxg7 Rfe8 22.Qxf6 Bxc4
23.Qb2 Qg6 24.Rh6 Qf7 25.Qf6 Qd7 26.Rxh7 Kxh7 27.Qh6+ Kg8 28.Bb2 Kf7 29.Qh5+ Ke7
30.Qh4+ Kf7 31.Rd1 Qe6 32.Rd4 Rg8 33.Rf4+ Ke8 34.Rf6 Qe7 35.g5 Qxg7 36.Re6+ Bxe6
37.Bxg7 Rxg7 38.g6 Kd7 39.Qf6 Re7 40.g7 Rg8 41.b5 Rgxg7 42.Qd4 Bc4 43.Bh3+ Ke8
44.e4 Nxe4 45.fxe4 Rxe4+ 46.Qxe4+ Re7 47.Bf5 b6 48.a4 Bb3 49.a5 bxa5 50.Kd2 Rxe4
51.Bxe4 Ke7 52.Kc3 Bd1 53.Bd3 Kd6 54.Kc4 Bg4 55.Kd4 Be6 56.Bc2 Bd7 57.Kc4 Bg4
58.Bd3 Bd1 59.Bf1 a4 60.Kb4 Kd5 61.Bd3 Kd4 62.Bf1 Ke3 63.Bc4 Kd4 64.Bf1 Bc2
65.Bh3 Ke3 66.Bg4 Kd2 67.Bh3 Kc1 68.Ka3 Bb3 69.Bf5 Kd2 70.Kb4 Bd1 71.Bh3 a3
72.Kxa3 Kc3 73.Be6 Bc2  1/2-1/2

[Event "Tatry Open 2013"]
[Site "Tatranske Zruby SVK"]
[Date "2013.10.03"]
[Round "6.25"]
[White "Bhakti,K"]
[Black "Frink,F"]
[Result "1-0"]
[WhiteElo "2285"]
[BlackElo "2082"]

1.d4 Nf6 2.c4 Nc6 3.Nc3 e5 4.d5 Ne7 5.e4 Ng6 6.h4 Bb4 7.h5 Ne7 8.Qf3 d6 9.h6 Ng4
10.hxg7 Rg8 11.Rxh7 Ng6 12.Bd3 Qf6 13.Bd2 Bxc3 14.Bxc3 Qxf3 15.Nxf3 Nf6 16.Rh2 Rxg7
17.g3 Bg4 18.Nd2 O-O-O 19.b4 Rh7 20.Rxh7 Nxh7 21.f3 Bd7 22.Kf2 Ng5 23.Rh1 Rf8
24.Rh5 Nh3+ 25.Ke3 f6 26.c5 Kd8 27.Nc4 dxc5 28.bxc5 Ng5 29.Nxe5 Nxe5 30.Bxe5 Nxe4
31.Bxe4 fxe5 32.Rxe5 Rf6 33.Bd3 a6 34.g4 Bb5 35.g5 Rf8 36.Bxb5 axb5 37.g6 Kd7
38.f4 Ra8 39.g7 Rg8 40.Rg5 Ke7 41.f5 b4 42.Rg6 Kf7 43.Kd4 b5 44.d6 c6 45.d7 Ke7
46.Rxc6 Rd8 47.f6+ Kf7 48.Ke5 b3 49.axb3 b4 50.Re6 Rxd7 51.Re7+  1-0

[Event "TCh-CRO II Liga 2013"]
[Site "Primosten CRO"]
[Date "2013.10.04"]
[Round "4.2"]
[White "Vujcic,T"]
[Black "Jakic,I"]
[Result "0-1"]
[WhiteElo "2142"]
[BlackElo "2413"]

1.c4 Nf6 2.d4 Nc6 3.Nc3 e5 4.d5 Ne7 5.e4 Ng6 6.Be3 Bb4 7.f3 Bxc3+ 8.bxc3 O-O
9.Bd3 d6 10.Ne2 Nd7 11.O-O Nc5 12.Bxc5 dxc5 13.g3 Qg5 14.Qc1 Qxc1 15.Raxc1 f5
16.Kg2 f4 17.g4 Nh4+ 18.Kf2 g5 19.Rb1 Rf6 20.Rb5 b6 21.Rd1 h5 22.h3 Kf7 23.Nc1 Rh6
24.Bf1 Bd7 25.Rb1 Ke7 26.Nd3 Kd6 27.Ne1 Rah8 28.Rd3 Ba4 29.Rb2 Ng6 30.Rdd2 Ne7
31.Kg1 Ng8 32.Nd3 hxg4 33.fxg4 Rxh3 34.Bxh3 Rxh3 35.Nf2 Rxc3 36.Rd3 Rxc4
37.Rh3 Rc1+ 38.Kg2 c4 39.Rh1 Rxh1 40.Kxh1 Kc5 41.Kg2 Nf6 42.Kf3 c3 43.Rb1 Kc4
44.a3 a5 45.Rh1 c2 46.Ke2 Kd4 47.Kd2 Nxe4+ 48.Nxe4 Kxe4 49.Rh5 Kf3 50.Rxg5 e4
51.Rg7 e3+ 52.Kc1 e2  0-1

[Event "TCh-ISL Div1 2013-14"]
[Site "Reykjavik ISL"]
[Date "2013.10.10"]
[Round "1.2"]
[White "Thorsteins,K"]
[Black "Benediktsson,T"]
[Result "1-0"]
[WhiteElo "2463"]
[BlackElo "1942"]

1.d4 Nf6 2.c4 Nc6 3.Nf3 e6 4.Nc3 Bb4 5.Qc2 d6 6.a3 Bxc3+ 7.Qxc3 Qe7 8.b4 e5
9.dxe5 dxe5 10.b5 e4 11.bxc6 exf3 12.cxb7 Bxb7 13.gxf3 O-O 14.Rg1 Kh8 15.Be3 Ba6
16.Rg5 Qe6 17.Rc1 Rg8 18.Bd4 Ne8 19.Qe3 Bxc4 20.Qxe6 Bxe6 21.Ra5 Nd6 22.e4 Rgb8
23.Bd3 Rb3 24.Ke2 Nb7 25.Rb5 Rxb5 26.Bxb5 c5 27.Bxc5 Rc8 28.Be3 Rxc1 29.Bxc1 Nd6
30.Ba6 Nc4 31.f4 f6 32.Kd3 Nb6 33.Be3 Bc8 34.Bxc8 Nxc8 35.Bc5 Kg8 36.Kc4 Kf7
37.Kd5  1-0

[Event "TCh-ISL Div1 2013-14"]
[Site "Reykjavik ISL"]
[Date "2013.10.13"]
[Round "5.4"]
[White "Hardarson,Jon Trausti"]
[Black "Benediktsson,T"]
[Result "1-0"]
[WhiteElo "1930"]
[BlackElo "1942"]

1.d4 Nf6 2.c4 Nc6 3.Nf3 e6 4.Nc3 Bb4 5.Qc2 d6 6.a3 Bxc3+ 7.Qxc3 O-O 8.Bg5 Qe7
9.e3 e5 10.Be2 Re8 11.d5 Nb8 12.Qc2 Nbd7 13.Nd2 h6 14.Bh4 g5 15.Bg3 e4 16.h4 g4
17.h5 Ne5 18.Nxe4 Nxe4 19.Qxe4 Qf6 20.Qf4 Qxf4 21.Bxf4 Kg7 22.O-O-O Bd7 23.e4 f5
24.exf5 Bxf5 25.Rd4 Nd7 26.Be3 Nf6 27.Rf4 Bd7 28.Bd1 Re4 29.Rxe4 Nxe4 30.Rh4 Nf6
31.Bd4 Kf7 32.Bxf6 Kxf6 33.f3 Kg5 34.Rh1 Re8 35.Kd2 gxf3 36.gxf3 Re7 37.Rg1+ Kxh5
38.f4+ Kh4 39.Rg6 h5 40.Bc2 Bg4 41.Bd3 Kg3 42.f5 Kf4 43.f6 Rf7 44.Rh6 Ke5
45.b4 Rxf6 46.Rh7 Kf4 47.Rxc7 h4 48.Rxb7 h3 49.Rxa7 Rh6 50.Rf7+ Ke5 51.Re7+ Kf6
52.Re1 Kg5 53.Be4 Kf4 54.Bh1 h2 55.b5 Rh3 56.Re4+ Kf5 57.Re3 Rh8 58.a4 Rf8
59.b6 Kg5 60.b7 Rf2+ 61.Kc3 Rf8 62.a5 Kf4 63.Rd3 Re8 64.a6  1-0

[Event "Indonesia Open 2013"]
[Site "Jakarta INA"]
[Date "2013.10.16"]
[Round "9.33"]
[White "Batchimeg,Tuvshintugs"]
[Black "Bersamina,Paulo"]
[Result "0-1"]
[WhiteElo "2376"]
[BlackElo "2310"]

1.d4 Nf6 2.c4 Nc6 3.Nf3 e6 4.a3 d6 5.Nc3 g6 6.g3 Bg7 7.Bg2 O-O 8.d5 exd5
9.cxd5 Nb8 10.O-O Re8 11.Be3 Rxe3 12.fxe3 Ng4 13.Qd3 Nd7 14.b4 a5 15.h3 Nde5
16.Nxe5 Nxe5 17.Qc2 Qg5 18.Ne4 Qxe3+ 19.Kh1 Bf5 20.bxa5 Bxe4 21.Qxe4 Qxg3
22.Rac1 f5 23.Qb4 Ng4 24.Qf4 Qxf4 25.Rxf4 Bh6 26.hxg4 Bxf4 27.Rc4 Bd2 28.gxf5 Bxa5
29.fxg6 hxg6 30.Rg4 Kf7 31.Be4 Rg8 32.Kg2 Kf6 33.a4 Bb6 34.Bf3 g5 35.Re4 Kf5
36.Kg3 Rh8 37.Re6 g4 38.Be4+ Kg5 39.Rg6+ Kh5 40.Rxg4 Rf8 41.Rg7 Kh6 42.Rg6+ Kh5
43.Re6 Ba5 44.Bf3+ Kg5 45.Re7 Kf6 46.Re4 Rh8 47.Kf4 Bc3 48.Re6+ Kf7 49.Kg5 Rg8+
50.Kf5 Rh8 51.Re4 Rh6 52.Rc4 Ba5 53.Bg4 Ke7 54.Re4+ Kd8 55.Kg5 Bd2+ 56.e3 Rh8
57.Be6 c5 58.dxc6 bxc6 59.Kf4 Kc7 60.Bg4 Rf8+ 61.Bf5 d5 62.Re6 Kb6 63.Kg4 Ra8
64.Bc2 Rf8 65.Bg6 Ra8 66.Bc2 Kc5 67.Kf3 Rh8 68.Bg6 Rc8 69.Be8 Bb4 70.Ke2 d4
71.exd4+ Kd5 72.Re3 Kxd4 73.Rd3+ Kc5 74.Bf7 Ba5 75.Bb3 Kb4 76.Be6 Rh8 77.Rd4+ Kc5
78.Rc4+ Kd6 79.Bg4 Rh2+ 80.Kd3 Rf2 81.Rc2 Rf1 82.Be2 Rf5 83.Bg4 Rd5+ 84.Ke4 Re5+
85.Kf4 Re1 86.Re2 Ra1 87.Re6+ Kc7 88.Re4 Ra3 89.Ke5 Kb6 90.Rc4 Bc3+ 91.Kd6 c5
92.Bd7 Bb4 93.Bb5 Rd3+ 94.Ke6 Rd1 95.Rg4 Bc3 96.Re4 Bd4 97.Kd5 Ka5 98.Re2 Kb4
99.Rc2 Bc3+ 100.Kc6 Rh1 101.Re2 Rh4 102.Kb6 c4 103.Re6 Bd4+ 104.Kb7 Bc5 105.Rc6 Rh3
106.Re6 c3 107.Re4+ Kb3 108.Rc4 Bb4 109.Rc7 c2 110.Bc4+  0-1

[Event "TCh-CZE Zapad 2013-14"]
[Site "Czech Rep CZE"]
[Date "2013.10.20"]
[Round "1.2"]
[White "Kociscak,J"]
[Black "Vrana,J"]
[Result "1/2-1/2"]
[WhiteElo "2431"]
[BlackElo "2366"]

1.d4 Nf6 2.c4 Nc6 3.Nf3 e6 4.g3 d5 5.Bg2 dxc4 6.Qa4 Nd7 7.Qxc4 Nb6 8.Qd3 e5
9.O-O exd4 10.Rd1 Be7 11.Nxd4 Nxd4 12.Qxd4 Qxd4 13.Rxd4 O-O 14.Nc3 c6 15.Bf4 Bf6
16.Rd3 Be6 17.Rad1 Rfe8 18.b3 Bxc3 19.Rxc3 Nd5 20.Bxd5 Bxd5 21.Rd2 a5 22.f3 f5
23.a4 g6 24.Kf2 Kf7  1/2-1/2

[Event "29th ECC Open 2013"]
[Site "Rhodes GRE"]
[Date "2013.10.23"]
[Round "4.6"]
[White "Ben Artzi,I"]
[Black "Vocaturo,D"]
[Result "0-1"]
[WhiteElo "2370"]
[BlackElo "2557"]

1.d4 Nf6 2.c4 Nc6 3.Nf3 e6 4.a3 d6 5.Nc3 g6 6.e3 Bg7 7.Be2 O-O 8.O-O a5 9.b3 e5
10.Bb2 e4 11.Nd2 Re8 12.Qc2 Bf5 13.Nb5 h5 14.d5 Ne5 15.Nd4 Bg4 16.b4 Qd7
17.Kh1 Bxe2 18.Nxe2 Nd3 19.Bxf6 Bxf6 20.Rab1 Qg4 21.Ng3 Bg7 22.f3 Qd7 23.Ngxe4 Ne5
24.h3 axb4 25.f4 bxa3 26.fxe5 Rxe5 27.Nf6+ Bxf6 28.Rxf6 Rxe3 29.Rf3 Re2 30.Ra1 Qe7
31.Qd3 Re8 32.Rxa3 Qg5 33.Rg3 Qf4 34.Nb3 Re1+ 35.Kh2 R1e3  0-1

[Event "29th ECC Open 2013"]
[Site "Rhodes GRE"]
[Date "2013.10.24"]
[Round "5.8"]
[White "Johansson,Linus"]
[Black "Tregubov,P"]
[Result "0-1"]
[WhiteElo "2321"]
[BlackElo "2606"]

1.d4 Nf6 2.c4 Nc6 3.Nf3 e6 4.Nc3 Bb4 5.Bg5 h6 6.Bh4 d6 7.e3 e5 8.dxe5 Bxc3+
9.bxc3 dxe5 10.Qxd8+ Kxd8 11.O-O-O+ Ke7 12.Bg3 Ne4 13.Kb2 Bg4 14.Rd5 f6 15.Bd3 Nxg3
16.hxg3 Be6 17.Rb5 Rab8 18.Kc2 Rhd8 19.Nd2 b6 20.Rbb1 Na5 21.Rbd1 Rd6 22.Be2 Rbd8
23.Kc1 Bf7 24.Kc2 Bg6+ 25.Kc1 Bd3 26.Bxd3 Rxd3 27.Kc2 f5 28.Rhe1 e4 29.Rh1 Ke6
30.Rhe1 h5 31.Rh1 g6 32.Rhe1 R8d6 33.Re2 Nxc4 34.Nxc4 Rxd1 35.Nxd6 Rxd6 36.Re1 Kd5
37.Rb1 a5 38.Rb5+ Kc4 39.Re5 Rd3 40.Re6 Rxc3+ 41.Kb1 Kd3 42.Rxg6 Ke2 43.Rg5 Rc5  0-1

[Event "17th OIBM 2013"]
[Site "Bad Wiessee GER"]
[Date "2013.10.26"]
[Round "1.48"]
[White "Wiederspahn,Markus"]
[Black "Maier,Al"]
[Result "0-1"]
[WhiteElo "1996"]
[BlackElo "2311"]

1.d4 Nf6 2.c4 Nc6 3.Nf3 e6 4.g3 Bb4+ 5.Bd2 Qe7 6.a3 Bxd2+ 7.Nbxd2 d6 8.Bg2 e5
9.d5 Nb8 10.e4 Bg4 11.Qc2 Bxf3 12.Nxf3 Nbd7 13.b4 a5 14.O-O O-O 15.Rfc1 Ra7
16.Ne1 Rfa8 17.Rab1 axb4 18.axb4 h5 19.h4 b6 20.Qd1 Ra2 21.Bf3 g6 22.Nd3 Qf8
23.Rc2 Qh6 24.Rbc1 R8a3 25.Rxa2 Rxa2 26.Rc2 Ra3 27.Kg2 Kh7 28.Qe2 Qf8 29.Qd2 Qa8
30.Rc3 Ra1 31.Rc1 Rxc1 32.Qxc1 Qa2 33.c5 Qb3 34.cxd6 cxd6 35.Qe3 Qc4 36.Kh3 Kg7
37.Bg2 Ng4 38.Qd2 Qxd3  0-1

[Event "29th ECC Open 2013"]
[Site "Rhodes GRE"]
[Date "2013.10.26"]
[Round "7.10"]
[White "MacQueen,C"]
[Black "Ronchetti,N"]
[Result "1-0"]
[WhiteElo "2236"]
[BlackElo "2450"]

1.d4 Nf6 2.c4 Nc6 3.Nf3 e6 4.a3 d6 5.Nc3 g6 6.e4 Bg7 7.h3 O-O 8.Bg5 h6 9.Be3 Re8
10.Qd2 e5 11.dxe5 dxe5 12.Bxh6 Qxd2+ 13.Bxd2 Nd4 14.O-O-O Nb3+ 15.Kc2 Nxd2
16.Nxd2 c6 17.Be2 Bf8 18.b4 a5 19.c5 axb4 20.axb4 b6 21.cxb6 Bxb4 22.Rb1 c5
23.f3 Rb8 24.Nc4 Ba6 25.Rhd1 Bxc4 26.Bxc4 Rxb6 27.Nd5 Nxd5 28.Rxd5 Re7 29.Ra1 Rbb7
30.g4 Ra7 31.Rxe5 Rxa1 32.Rxe7 Ra3 33.Bxf7+ Kf8 34.Rc7 g5 35.Bb3 Ra1 36.e5 Re1
37.e6 Re3 38.Rf7+ Kg8 39.e7 Rc3+ 40.Kd1 Rd3+ 41.Ke2  1-0

[Event "29th ECC Open 2013"]
[Site "Rhodes GRE"]
[Date "2013.10.26"]
[Round "7.6"]
[White "Sahl,Bj"]
[Black "Georgiev,Ki"]
[Result "1-0"]
[WhiteElo "2356"]
[BlackElo "2664"]

1.d4 Nf6 2.c4 Nc6 3.Nf3 e6 4.Nc3 Bb4 5.Bd2 O-O 6.e3 d5 7.a3 Bd6 8.c5 Be7
9.Bb5 Bd7 10.O-O Ne4 11.Bxc6 Bxc6 12.Ne5 Be8 13.Nxe4 dxe4 14.c6 b6 15.Rc1 Qd5
16.Bb4 Bxb4 17.axb4 f6 18.Nd7 Rf7 19.Qa4 a6 20.h3 Re7 21.Rc3 Qb5 22.Ra1 Qd5
23.Qc2 Bg6 24.Qe2 Bh5 25.Qf1 e5 26.Rxa6 Rxa6 27.Qxa6 exd4 28.Nxb6 Qf7 29.exd4 Qe8
30.Nd5 Rf7 31.Qc4 Qd8 32.b5 Be2 33.Qxe2 Qxd5 34.b6 Qxd4 35.b7 Qb4 36.Qc4 Qxb2
37.Rb3 Qa1+ 38.Kh2 Qe5+ 39.g3  1-0